Mot mystérieux - Série 14 - Statistiques

Statistiques générales
  • Ce quiz a été pris 138 fois
  • Le résultat moyen est 8 sur 10
Statistiques - réponses
Indices Mot % Correct
Herbe - Langue - Félin - Botté Chat
98%
Nuage - Goutte - Mousson - Averse Pluie
97%
Fine - Rasoir - Fond - Couteau Lame
95%
Annonce - Son - Velcro - Dessinée Bande
91%
Furoncle - Girofle - Enfoncer - Spectacle Clou
90%
Gardien - Ailes - Prénom - Auréole Ange
87%
Couteau - Petit - Karité - Baratte Beurre
85%
Nid - Pot - Eau - Oeuf Poule
67%
Electronique - Oreille - Excité - Carte Puce
63%
Danse - Jardin - Coiffure - Bourget Salon
37%
Aucun quiz correspondant
Distribution des résultats
% des personnes avec chaque résultat
Percentile par nombre de réponses
Votre historique - résultats
Vous n’avez pas pris ce quiz